| 000 | 00742nam a2200169 a 4500 | ||
|---|---|---|---|
| 008 | 120416s1968 ||||||||||||||||| || u | ||
| 050 | _aGN 651 Wil | ||
| 100 | _aWilson, Godfrey | ||
| 245 | 1 | 4 | _aThe analysis of social change: based on observations in Central Africa |
| 260 |
_aCambridge: _bThe University Press _c1968 |
||
| 300 | _avi, 177p. | ||
| 350 | _a0.00 | ||
| 650 | 0 | _aSOCIOLOGY | |
| 650 | _aSOCIAL CHANGE--AFRICA, CENTRAL | ||
| 995 |
_aBINDERY (DAMAGED) _D0.00 _e709963 _FCBU-MAIN LIBRARY (Kitwe) _H1 _I8.00 _jGN 651 Wil _M1 _UDAMAGED _y001405 _ZMain Library Open Access Collection |
||
| 995 |
_aMAIN LIBRARY OPEN ACCESS _D0.00 _e707483 _FCBU-MAIN LIBRARY (Kitwe) _H1 _I6.95 _jGN 651 Wil _M1 _UAVAILABLE _y000659 _ZMain Library Open Access Collection |
||
| 999 |
_c83926 _d83926 |
||